[Event "SR 3. liga A2 2017/2018"]
[Site "?"]
[Date "2017.10.08"]
[Round "1.4"]
[White "Sottnik, Filip"]
[Black "Fidericky, Milan"]
[Result "1-0"]
[WhiteElo "1706"]
[BlackElo "1717"]
[PlyCount "63"]
[EventDate "2017.??.??"]

1. e4 e5 2. Nf3 Nf6 3. Nc3 Nc6 4. a3 d5 5. exd5 Nxd5 6. Qe2 Nxc3 7. dxc3 Bd6 8.
Bd2 Bg4 9. h3 Bh5 10. g4 Bg6 11. O-O-O Qe7 12. Bg2 O-O-O 13. Rhe1 h5 14. g5 Bf5
15. Nh4 Bd7 16. Qc4 Be6 17. Qf1 g6 18. Bxc6 bxc6 19. Qa6+ Kd7 20. f4 Ke8 21.
fxe5 Bc5 22. b4 Bb6 23. Qf1 Rxd2 24. Rxd2 Qxg5 25. Nf3 Qh6 26. Kb2 Be3 27. Rd3
Bc4 28. Rexe3 Qxe3 29. Rxe3 Bxf1 30. e6 f6 31. e7 Bxh3 32. Nh4 1-0

[Event "SR 3. liga A2 2017/2018"]
[Site "?"]
[Date "2017.10.08"]
[Round "1.5"]
[White "Sobek, Michal"]
[Black "Malar, Pavol"]
[Result "1-0"]
[WhiteElo "1822"]
[BlackElo "2074"]
[PlyCount "49"]
[EventDate "2017.??.??"]

1. e4 e6 2. d4 d5 3. Nc3 Bb4 4. e5 c5 5. Qg4 Ne7 6. dxc5 Nbc6 7. Nf3 Qc7 8. Bd2
Bxc5 9. O-O-O Bd7 10. Qxg7 Rg8 11. Qxh7 O-O-O 12. Nb5 Qb6 13. Nd6+ Bxd6 14.
exd6 Nf5 15. Qxf7 Qxf2 16. Qf6 Nxd6 17. Qf4 Nf5 18. Ne5 Qc5 19. g4 Nfd4 20. Bc3
Rdf8 21. Nxd7 Kxd7 22. Bxd4 Qa5 23. Qe3 Rxg4 24. Bh3 Re4 25. Qxe4 1-0

[Event "SR 3. liga A2 2017/2018"]
[Site "?"]
[Date "2017.10.08"]
[Round "1.5"]
[White "Bisco, Igor"]
[Black "Sefcik, Marek"]
[Result "1/2-1/2"]
[WhiteElo "2080"]
[BlackElo "1998"]
[PlyCount "27"]
[EventDate "2017.??.??"]

1. e4 d5 2. exd5 Qxd5 3. Nc3 Qd6 4. d4 Nf6 5. Nf3 Bg4 6. Be2 c6 7. O-O Nbd7 8.
Be3 e6 9. Ng5 Bxe2 10. Qxe2 Be7 11. Rfd1 O-O 12. Nge4 Qc7 13. Bg5 Rfe8 14. Bh4
1/2-1/2

[Event "SR 3. liga A2 2017/2018"]
[Site "?"]
[Date "2017.10.08"]
[Round "1.5"]
[White "Jakubec, Milan"]
[Black "Filip, Frantisek"]
[Result "1-0"]
[WhiteElo "2079"]
[BlackElo "1757"]
[PlyCount "124"]
[EventDate "2017.??.??"]

1. e4 d6 2. d4 e6 3. Nf3 Be7 4. e5 Nd7 5. Bd3 h6 6. O-O b6 7. Nbd2 Bb7 8. Ne4
d5 9. Ng3 c5 10. c3 Qc7 11. Be3 O-O-O 12. a4 g5 13. Rc1 g4 14. Nd2 h5 15. f4 f6
16. c4 fxe5 17. fxe5 h4 18. Ne2 Qc6 19. cxd5 exd5 20. Bb5 Qc7 21. Nf4 Nf8 22.
Qxg4+ Kb8 23. Qg7 Rh6 24. Qxg8 a6 25. Bxa6 Qd7 26. Bb5 Bc6 27. Bxc6 Rxc6 28.
Qg7 Rc7 29. b3 Ne6 30. Nxe6 Qxe6 31. Qh6 Qg4 32. Qf4 Qg6 33. Qf2 Rg8 34. Nf3 h3
35. g3 Rf8 36. a5 Bd8 37. Qc2 Qh5 38. axb6 Rc8 39. Bf4 Bxb6 40. Qd3 Rxf4 41.
dxc5 Rxf3 42. Qxf3 Rxc5 43. Rxc5 Bxc5+ 44. Kh1 Qxe5 45. Qf4 Qxf4 46. gxf4 Kc7
47. Rf3 d4 48. Rxh3 Bd6 49. Rd3 Bc5 50. Kg2 Kd6 51. Kf3 Kd5 52. h4 Be7 53. h5
Bf6 54. Rd1 Bg7 55. Rh1 Bh6 56. Rh2 Kd6 57. Ke4 Kc5 58. Rh3 Bg7 59. h6 Bf6 60.
h7 Bh8 61. f5 Kd6 62. Rh6+ Ke7 1-0

[Event "SR 3. liga A2 2017/2018"]
[Site "?"]
[Date "2017.10.08"]
[Round "1.5"]
[White "Gajarsky, Roman"]
[Black "Hirmajer, Jan"]
[Result "1-0"]
[WhiteElo "1807"]
[BlackElo "1923"]
[PlyCount "97"]
[EventDate "2017.??.??"]

1. e4 c5 2. f4 Nc6 3. Nf3 d6 4. c3 Bg4 5. Na3 g6 6. Nc2 Bg7 7. Ne3 Nf6 8. d3
O-O 9. g3 Qa5 10. Bd2 e5 11. Nxg4 Nxg4 12. Bh3 Nf6 13. f5 Qb6 14. Qc1 d5 15.
Qc2 dxe4 16. dxe4 gxf5 17. exf5 e4 18. Ng5 Ne5 19. O-O-O Qc6 20. Bf4 Rfe8 21.
Bg2 Nf3 22. Rd6 Qb5 23. Nxf3 exf3 24. Bxf3 Rad8 25. Rxd8 Rxd8 26. Rd1 Re8 27.
Qd2 Qa6 28. Kb1 Qb5 29. Qg2 a5 30. g4 Qc4 31. Bc1 Ne4 32. Bxe4 Rxe4 33. Rd8+
Bf8 34. Qd2 f6 35. Qd5+ Qxd5 36. Rxd5 b5 37. Kc2 Re2+ 38. Kd3 Rxh2 39. Rd8 Rh3+
40. Ke4 Rh1 41. Be3 Kf7 42. Rb8 Re1 43. Kf3 b4 44. Rb7+ Ke8 45. Ra7 Rb1 46.
Rxa5 Rxb2 47. cxb4 Rxb4 48. Ra8+ Kf7 49. Rxf8+ 1-0

[Event "SR 3. liga A2 2017/2018"]
[Site "?"]
[Date "2017.10.08"]
[Round "1.5"]
[White "Janas, Peter"]
[Black "Chabada, Tomas"]
[Result "1-0"]
[WhiteElo "1737"]
[BlackElo "1962"]
[PlyCount "57"]
[EventDate "2017.??.??"]

1. Nf3 Nf6 2. g3 c6 3. c4 d5 4. cxd5 cxd5 5. d4 Nc6 6. Bg2 g6 7. O-O Bg7 8. Nc3
O-O 9. Re1 a6 10. Bf4 b5 11. Rc1 Bb7 12. Ne5 Rc8 13. Nxc6 Bxc6 14. b4 Qd7 15.
f3 Rfd8 16. Qd2 Ne8 17. Bh6 Bh8 18. Nd1 Nd6 19. Nf2 Nf5 20. Be3 Nxe3 21. Qxe3
Qa7 22. Rc5 a5 23. a3 axb4 24. axb4 Qa2 25. Qc3 Bd7 26. Nd3 Bf5 27. Kf1 Bxd3
28. Rxc8 Bxe2+ 29. Rxe2 1-0

[Event "SR 3. liga A2 2017/2018"]
[Site "?"]
[Date "2017.10.08"]
[Round "1.5"]
[White "Zlamal, Marek"]
[Black "Tupy, Bystrik"]
[Result "1-0"]
[WhiteElo "1816"]
[BlackElo "1730"]
[PlyCount "69"]
[EventDate "2017.??.??"]

1. d4 d5 2. c4 c6 3. e3 Nf6 4. Nc3 Bf5 5. Nf3 e6 6. cxd5 exd5 7. Bd3 Bg6 8. Ne5
Bd6 9. Nxg6 hxg6 10. h3 Nbd7 11. Bd2 Nb6 12. Qb3 Bc7 13. O-O-O Qd6 14. Rhe1
O-O-O 15. Kb1 Kb8 16. Rc1 Rhe8 17. a4 Ne4 18. Nxe4 dxe4 19. Be2 Qd5 20. Qc2 Rd7
21. a5 Nc8 22. a6 Bb6 23. Qa4 Nd6 24. axb7 Kxb7 25. Ba6+ Kc7 26. Rxc6+ Kd8 27.
Bb4 Re6 28. Rec1 Rc7 29. Rxc7 Bxc7 30. Rc5 Qa8 31. Ba5 Bxa5 32. Qxa5+ Ke7 33.
d5 Rf6 34. Rc7+ Kf8 35. Rc8+ 1-0

[Event "SR 3. liga A2 2017/2018"]
[Site "?"]
[Date "2017.10.08"]
[Round "1.5"]
[White "Cerny, Patrik"]
[Black "Husek, Lubomir"]
[Result "1/2-1/2"]
[WhiteElo "1422"]
[BlackElo "1833"]
[PlyCount "113"]
[EventDate "2017.??.??"]

1. d4 d5 2. Nf3 Nf6 3. Bf4 e6 4. e3 Be7 5. Bd3 O-O 6. Nbd2 c5 7. c3 Nc6 8. Ne5
Bd7 9. Ndf3 Rc8 10. Nxc6 Bxc6 11. Ne5 cxd4 12. exd4 Qb6 13. Qb3 Qxb3 14. axb3
a6 15. O-O Rfd8 16. Rfe1 Be8 17. Bg3 Nh5 18. Rad1 Nxg3 19. hxg3 Bf6 20. f4 g6
21. Kf2 Rd6 22. g4 Rb6 23. Bc2 a5 24. Re3 a4 25. b4 Ra6 26. Ra1 b5 27. Ke2 Rca8
28. Ra3 R6a7 29. Kd2 Rc7 30. g5 Be7 31. Nd3 Bd6 32. g3 Kg7 33. Ne5 Rac8 34. Nd3
h6 35. gxh6+ Kxh6 36. Bd1 Kg7 37. Ne5 Re7 38. Bg4 Ra8 39. Bh3 f6 40. Nd3 Bf7
41. Bg2 Rh8 42. Ke2 Rhe8 43. Ra1 e5 44. dxe5 fxe5 45. fxe5 Bxe5 46. Nxe5 Rxe5
47. Rxe5 Rxe5+ 48. Kf2 Rf5+ 49. Ke3 Rg5 50. Kf2 Be6 51. Re1 Kf6 52. Rd1 Ke5 53.
Bf1 Bd7 54. Bg2 Bc6 55. Rd4 Rf5+ 56. Ke2 g5 57. Ke3 1/2-1/2

[Event "SR 3. liga A2 2017/2018"]
[Site "?"]
[Date "2017.10.08"]
[Round "1.6"]
[White "Banas, Jan"]
[Black "Kalmar, Tamas"]
[Result "1/2-1/2"]
[WhiteElo "2196"]
[BlackElo "2083"]
[PlyCount "118"]
[EventDate "2017.??.??"]

1. c4 c6 2. Nf3 d5 3. b3 Nf6 4. Bb2 e6 5. g3 Be7 6. Bg2 O-O 7. O-O b6 8. d4
Nbd7 9. Qc2 Bb7 10. Nc3 c5 11. cxd5 Nxd5 12. Rfd1 Rc8 13. Nxd5 Bxd5 14. e4 cxd4
15. Qe2 Ba8 16. Nxd4 Qc7 17. Nb5 Qb7 18. Nd6 Bxd6 19. Rxd6 Nc5 20. Rad1 a5 21.
Qb5 Rc6 22. Rxc6 Qxc6 23. Qxc6 Bxc6 24. Ba3 Rc8 25. f3 Bb5 26. Rc1 Kf8 27. Kf2
Ke8 28. Ke3 Rc6 29. e5 Na6 30. f4 Rxc1 31. Bxc1 Kd7 32. Be4 g6 33. Bd2 Bc6 34.
Bc2 Nc7 35. a4 Nd5+ 36. Kd4 Bb7 37. Bd3 Bc6 38. Ba6 Kc7 39. Be2 h5 40. Bf3 Ne7
41. Bd1 Nd5 42. Kc4 Bb7 43. Kd4 Bc6 44. Bc2 Kd7 45. Bd1 Kc7 46. g4 hxg4 47.
Bxg4 Kd7 48. h4 Ne7 49. h5 gxh5 50. Bxh5 Ng6 51. Be3 Kc7 52. Bd2 Kd7 53. Kc4
Kc7 54. Be3 Bd7 55. Bd2 Bc6 56. Kd4 Kd7 57. Kd3 Kc7 58. Kd4 Kd7 59. Be3 Kc7
1/2-1/2

[Event "SR 3. liga A2 2017/2018"]
[Site "?"]
[Date "2017.10.08"]
[Round "1.6"]
[White "Veselsky, Jozef"]
[Black "Liptak, Tomas"]
[Result "1-0"]
[WhiteElo "2125"]
[BlackElo "2217"]
[PlyCount "135"]
[EventDate "2017.??.??"]

1. d4 f5 2. Nf3 Nf6 3. c4 e6 4. Nc3 Be7 5. g3 O-O 6. Bg2 d6 7. O-O Qe8 8. b3
Qh5 9. e3 Nbd7 10. Ba3 Rf7 11. Ne1 Qh6 12. Nd3 g5 13. e4 fxe4 14. Nxe4 Nxe4 15.
Bxe4 Bf6 16. Bb2 Qg7 17. Qd2 c6 18. Bg2 Nf8 19. Rae1 Bd7 20. Kh1 Ng6 21. d5
exd5 22. Bxf6 Qxf6 23. cxd5 c5 24. f4 gxf4 25. Nxf4 Nxf4 26. Rxf4 Qg5 27. Ref1
Rxf4 28. Rxf4 Qg7 29. Re4 Re8 30. Rxe8+ Bxe8 31. Qe1 Bd7 32. h3 b6 33. Kh2 Qf6
34. Qe4 Bf5 35. Qa4 Qe7 36. Qc4 Bg6 37. h4 Kg7 38. Qg4 Kf7 39. Bh3 Qe5 40. Qf3+
Ke7 41. Bg2 b5 42. Qg4 Kd8 43. Qf3 c4 44. bxc4 bxc4 45. Qa3 c3 46. Qa5+ Ke8 47.
Qb5+ Kf7 48. Qd7+ Qe7 49. Qc8 c2 50. h5 Bd3 51. Bf3 Kg7 52. Qg4+ Kf8 53. Qc8+
Kf7 54. Bg4 Kf6 55. Bf3 Bf5 56. Qh8+ Qg7 57. Qd8+ Ke5 58. Qe8+ Kd4 59. Qe1 Qg5
60. Qa1+ Kc5 61. Qc3+ Kb6 62. Qc6+ Ka5 63. Be2 Bd3 64. Qc7+ Kb4 65. Qxd6+ Kc3
66. Qa3+ Kd2 67. Qxd3+ Ke1 68. Qxc2 1-0

[Event "SR 3. liga A2 2017/2018"]
[Site "?"]
[Date "2017.10.08"]
[Round "1.6"]
[White "Cechovic, Stefan"]
[Black "Merva, Frantisek"]
[Result "1-0"]
[WhiteElo "2114"]
[BlackElo "2069"]
[PlyCount "59"]
[EventDate "2017.??.??"]

1. d4 e6 2. Bf4 c5 3. e3 Qb6 4. b3 Nc6 5. c3 Nf6 6. Bd3 Be7 7. Ne2 Nh5 8. O-O
Nxf4 9. Nxf4 d5 10. Nd2 cxd4 11. cxd4 g6 12. Nf3 Ba3 13. Qe2 Bd7 14. Rfd1 O-O
15. h4 Rac8 16. h5 Bd6 17. g3 Kg7 18. Nh2 Qd8 19. Kg2 Qg5 20. Nf3 Qd8 21. hxg6
fxg6 22. Rh1 e5 23. dxe5 Nxe5 24. Nxe5 Bxe5 25. Rxh7+ Kxh7 26. Qh5+ Kg8 27.
Qxg6+ Bg7 28. Qh7+ Kf7 29. Qg6+ Kg8 30. Rh1 1-0

[Event "SR 3. liga A2 2017/2018"]
[Site "?"]
[Date "2017.10.08"]
[Round "1.6"]
[White "Csuri, Szilveszter"]
[Black "Sarmir, Milos"]
[Result "1-0"]
[WhiteElo "1956"]
[BlackElo "2092"]
[PlyCount "149"]
[EventDate "2017.??.??"]

1. e4 e5 2. Nf3 Nc6 3. Bc4 Be7 4. d4 exd4 5. Nxd4 d6 6. O-O Nf6 7. Nc3 O-O 8.
Nxc6 bxc6 9. h3 Bb7 10. Re1 d5 11. Bd3 d4 12. Ne2 c5 13. Ng3 Nd7 14. Nf5 Bf6
15. f4 g6 16. Nh6+ Kg7 17. Ng4 Bh4 18. Re2 h5 19. Nh2 Nb6 20. b3 Qd7 21. Nf3
Bf6 22. Qd2 Kg8 23. Ba3 Be7 24. Qa5 Qd6 25. e5 Qd7 26. Rf1 Nd5 27. e6 fxe6 28.
Ne5 Qd6 29. Nxg6 Nxf4 30. Nxf4 Rxf4 31. Rxf4 Qxf4 32. Bxc5 Bh4 33. Qd2 Qxd2 34.
Rxd2 e5 35. Bg6 Bg5 36. Rd1 h4 37. Kf1 Kg7 38. Bh5 Kh6 39. Bg4 Rd8 40. a4 Be4
41. Re1 Bxc2 42. Rxe5 Bxb3 43. Rxg5 d3 44. Be3 Kh7 45. Ke1 Bxa4 46. Ra5 Bc6 47.
Bf3 Bxf3 48. gxf3 Kg6 49. Rxa7 c6 50. Ra4 Rd5 51. Rxh4 c5 52. Rc4 Rh5 53. h4
Rf5 54. Kf2 Rh5 55. Bg5 Rh7 56. Rxc5 Rd7 57. Rc1 Kf5 58. Rd1 Rd5 59. Ke3 Rd6
60. Rxd3 Re6+ 61. Kf2 Ra6 62. Kg3 Ra1 63. Rb3 Rd1 64. Rb5+ Kg6 65. Kg4 Rd4+ 66.
f4 Ra4 67. h5+ Kg7 68. Rb7+ Kg8 69. h6 Ra6 70. Kh5 Rc6 71. f5 Ra6 72. f6 Ra8
73. Kg6 Rc8 74. f7+ Kf8 75. Be7# 1-0

[Event "SR 3. liga A2 2017/2018"]
[Site "?"]
[Date "2017.10.08"]
[Round "1.6"]
[White "Markuliak, Mario"]
[Black "Csefalvay, Stefan"]
[Result "1/2-1/2"]
[WhiteElo "1883"]
[BlackElo "1824"]
[PlyCount "44"]
[EventDate "2017.??.??"]

1. c4 c5 2. Nf3 g6 3. g3 Bg7 4. Bg2 Nf6 5. O-O O-O 6. Nc3 Nc6 7. d3 a6 8. a3 d6
9. Rb1 Rb8 10. b4 cxb4 11. axb4 b6 12. b5 axb5 13. Nxb5 Bb7 14. Bb2 e5 15. Ba3
Ne8 16. Qb3 Kh8 17. h4 h6 18. Nc3 Ba8 19. Nd5 Na5 20. Qb4 b5 21. Nd2 Nc6 22.
Qb3 Nd4 1/2-1/2

[Event "SR 3. liga A2 2017/2018"]
[Site "?"]
[Date "2017.10.08"]
[Round "1.6"]
[White "Meszaros, Lorant"]
[Black "Vlkovic, Pavol"]
[Result "1-0"]
[WhiteElo "1931"]
[BlackElo "1802"]
[PlyCount "73"]
[EventDate "2017.??.??"]

1. d4 g6 2. e4 c5 3. d5 Qc7 4. c4 Bg7 5. Nc3 a6 6. a4 d6 7. Qc2 Nf6 8. Be2 O-O
9. h3 e6 10. Nf3 exd5 11. cxd5 Re8 12. O-O Nbd7 13. Nd2 Nf8 14. Nc4 N6d7 15. a5
b5 16. axb6 Nxb6 17. Na5 Qe7 18. Nc6 Qh4 19. Bf3 Nc4 20. Nb5 Ne5 21. Qe2 Nxf3+
22. Qxf3 Bxh3 23. Nxd6 Be5 24. Nxe5 Rxe5 25. Qxh3 Qe7 26. Nc4 Rh5 27. Qg4 h6
28. e5 Rh4 29. Qe2 f5 30. e6 Re4 31. Qc2 g5 32. Ra3 Qf6 33. Re3 Rh4 34. e7 f4
35. exf8=Q+ Rxf8 36. Re6 Qf7 37. Ne5 1-0

[Event "SR 3. liga A2 2017/2018"]
[Site "?"]
[Date "2017.10.08"]
[Round "1.6"]
[White "Hornak, Pavol"]
[Black "Szocs, Ladislav"]
[Result "1-0"]
[WhiteElo "1781"]
[BlackElo "1847"]
[PlyCount "97"]
[EventDate "2017.??.??"]

1. d4 Nf6 2. c4 e6 3. g3 d5 4. Bg2 Bb4+ 5. Bd2 Bxd2+ 6. Nxd2 O-O 7. Ngf3 c5 8.
O-O cxd4 9. cxd5 Nxd5 10. Nxd4 Bd7 11. N2f3 Nc6 12. Nxc6 Bxc6 13. Ne5 Qb6 14.
Nxc6 bxc6 15. b3 Rac8 16. Qc2 c5 17. Rfd1 Rfd8 18. Rac1 h6 19. Qc4 Nf6 20. Bf3
Qb4 21. Rxd8+ Rxd8 22. Qxc5 Qd2 23. Qc2 Qb4 24. Rd1 Rxd1+ 25. Qxd1 Qa5 26. Qc2
Qb4 27. Qc8+ Kh7 28. Qc7 Ne4 29. Bxe4+ Qxe4 30. Qxa7 Qxe2 31. a4 Qd1+ 32. Kg2
Qxb3 33. Qxf7 Qxa4 34. Qxe6 Qc2 35. g4 Qg6 36. Qf5 Qxf5 37. gxf5 Kg8 38. Kf3
Kf7 39. Ke4 Kf6 40. Kf4 Kf7 41. h4 Kf6 42. Ke4 Kf7 43. Ke5 Ke7 44. h5 Kf7 45.
f3 Ke7 46. f6+ gxf6+ 47. Kf5 Kf7 48. f4 Kg7 49. Ke6 1-0

[Event "SR 3. liga A2 2017/2018"]
[Site "?"]
[Date "2017.10.08"]
[Round "1.6"]
[White "Sarkozi, Szabolcs"]
[Black "Kavuljak, Alojz"]
[Result "1/2-1/2"]
[WhiteElo "1677"]
[BlackElo "1653"]
[PlyCount "56"]
[EventDate "2017.??.??"]

1. e4 d6 2. d4 g6 3. Be3 Bg7 4. Bc4 e6 5. Bb3 Ne7 6. Ne2 d5 7. Ng3 c6 8. f3 Nd7
9. c3 Nb6 10. Nd2 O-O 11. O-O f5 12. exf5 Nxf5 13. Nxf5 exf5 14. f4 Be6 15. Nf3
Nd7 16. Bf2 Bf7 17. Re1 Re8 18. Qd2 Qc7 19. Bh4 Bf6 20. Bxf6 Nxf6 21. Bc2 Rxe1+
22. Rxe1 Re8 23. Rxe8+ Bxe8 24. Ne5 Nd7 25. Qe3 Nxe5 26. fxe5 Qe7 27. Qg3 Kf8
28. Qh3 Qg5 1/2-1/2

[Event "SR 3. liga A2 2017/2018"]
[Site "?"]
[Date "2017.10.22"]
[Round "2.1"]
[White "Jozefek, Michal"]
[Black "Kalmar, Tamas"]
[Result "0-1"]
[WhiteElo "2198"]
[BlackElo "2083"]
[PlyCount "66"]
[EventDate "2017.??.??"]

1. d4 d5 2. c4 c6 3. Nf3 Nf6 4. e3 e6 5. b3 Be7 6. Bd3 Nbd7 7. Bb2 b6 8. O-O
Bb7 9. Nc3 O-O 10. Qc2 Rc8 11. Ne5 dxc4 12. bxc4 h6 13. f4 c5 14. Rad1 Qc7 15.
d5 exd5 16. Nxd7 Nxd7 17. Nb5 Qb8 18. cxd5 a6 19. Bf5 axb5 20. Bxd7 Rcd8 21.
Bxb5 Rxd5 22. Rxd5 Bxd5 23. e4 Bb7 24. Qc3 f6 25. e5 fxe5 26. Bc4+ Kh8 27. Qg3
Qd8 28. Bd3 Bd5 29. Qg6 Bg8 30. fxe5 Rxf1+ 31. Kxf1 c4 32. Bc2 Qd2 33. Qe8 Qxc2
0-1

[Event "SR 3. liga A2 2017/2018"]
[Site "?"]
[Date "2017.10.22"]
[Round "2.1"]
[White "Veselsky, Jozef"]
[Black "Koutny, Petr"]
[Result "1/2-1/2"]
[WhiteElo "2125"]
[BlackElo "2169"]
[PlyCount "146"]
[EventDate "2017.??.??"]

1. d4 Nf6 2. Nf3 g6 3. c4 Bg7 4. Nc3 d5 5. Bg5 Ne4 6. Bh4 Nxc3 7. bxc3 dxc4 8.
Qa4+ Qd7 9. Qxc4 b6 10. e3 Ba6 11. Qb3 Bxf1 12. Rxf1 Nc6 13. Rb1 O-O 14. Ke2 e5
15. Rfd1 e4 16. Bg3 exf3+ 17. gxf3 Na5 18. Qb5 c6 19. Qa4 Rfd8 20. c4 Qe6 21.
c5 Rxd4 22. Rxd4 Bxd4 23. Qxd4 Qxa2+ 24. Rb2 Qc4+ 25. Qxc4 Nxc4 26. Ra2 b5 27.
Ra6 b4 28. Kd3 b3 29. Ra1 b2 30. Rb1 Na3 31. Rxb2 Rd8+ 32. Kc3 Nb5+ 33. Kb4 Kf8
34. Ra2 Ke8 35. Ka5 Rd5 36. Rc2 Kd7 37. Kb4 Rd1 38. Ra2 Ke6 39. e4 Rd3 40. Ra6
Kd7 41. Bb8 Rxf3 42. Ra2 Rd3 43. Bxa7 Rd4+ 44. Kb3 Rxe4 45. Bb8 Ke6 46. Rd2
Nd4+ 47. Kc3 Kd5 48. Rd3 Kxc5 49. Rxd4 Rxd4 50. Ba7+ Kd5 51. Bxd4 Ke4 52. Be3
f5 53. Kd2 Kf3 54. Ke1 Kg2 55. h4 Kh3 56. h5 gxh5 57. Kf1 Kh2 58. Bf4+ Kh1 59.
Bd6 h4 60. f3 h3 61. Kf2 h2 62. Kg3 Kg1 63. Bc5+ Kh1 64. Be3 h5 65. Kh3 c5 66.
Kg3 c4 67. Bd4 h4+ 68. Kf2 f4 69. Be5 c3 70. Bxf4 c2 71. Be3 h3 72. Kg3 c1=Q
73. Bxc1 Kg1 1/2-1/2

[Event "SR 3. liga A2 2017/2018"]
[Site "?"]
[Date "2017.10.22"]
[Round "2.1"]
[White "Kucharek, Jaroslav"]
[Black "Merva, Frantisek"]
[Result "0-1"]
[WhiteElo "2067"]
[BlackElo "2069"]
[PlyCount "192"]
[EventDate "2017.??.??"]

1. d4 d5 2. Nf3 Nf6 3. c4 c6 4. cxd5 cxd5 5. Nc3 Nc6 6. Bf4 a6 7. e3 Bf5 8. Be2
e6 9. O-O h6 10. Rc1 Bd6 11. Bxd6 Qxd6 12. Na4 O-O 13. a3 Bg4 14. b4 Bxf3 15.
Bxf3 Nd7 16. Qb3 b5 17. Nc5 Nb6 18. Be2 Nc4 19. Bxc4 bxc4 20. Qc3 Rfb8 21. Rb1
Rb5 22. a4 Rb6 23. Rb2 Nb8 24. Rfb1 Nd7 25. h3 Rab8 26. Qa3 Rc8 27. Qc3 f5 28.
f4 Nf6 29. Kh1 Ne4 30. Nxe4 fxe4 31. a5 Rb5 32. g3 Rcb8 33. Kg2 Qf8 34. Kh2 Qf7
35. Kg2 R8b7 36. Rf1 Qf5 37. Rfb1 Qh5 38. Rf1 Rb8 39. Qd2 Rc8 40. Qc3 Rc7 41.
Rbf2 Rf7 42. Rb2 g5 43. g4 Qh4 44. Rff2 gxf4 45. Rxf4 Rxf4 46. exf4 Qe7 47. Rb1
Qf8 48. Kg3 Rb7 49. Rb2 h5 50. Qd2 hxg4 51. hxg4 Qh6 52. g5 Qh5 53. Qe2 Qxe2
54. Rxe2 Rxb4 55. f5 exf5 56. Kf4 c3 57. Rc2 Rc4 58. Kxf5 e3 59. g6 Rxd4 60.
Rxc3 e2 61. Rc8+ Kg7 62. Rc7+ Kf8 63. Rc8+ Ke7 64. g7 e1=Q 65. Re8+ Kxe8 66.
g8=Q+ Kd7 67. Qg7+ Kd6 68. Qxd4 Qxa5 69. Qe5+ Kc5 70. Qe7+ Kb5 71. Qe8+ Kc4 72.
Qe2+ Kd4 73. Qd1+ Ke3 74. Qg1+ Ke2 75. Qg2+ Ke3 76. Qg3+ Kd2 77. Qf2+ Kc1 78.
Qf1+ Kc2 79. Qe2+ Qd2 80. Qe8 Qd3+ 81. Kf6 d4 82. Qa4+ Qb3 83. Qxa6 d3 84. Kg5
d2 85. Qc6+ Kb1 86. Qe4+ Kc1 87. Qf4 Qc3 88. Kg4 Kb2 89. Qa4 Kc1 90. Qf4 Qd3
91. Qc7+ Kd1 92. Qc6 Qe2+ 93. Kg5 Qe3+ 94. Kg4 Ke2 95. Qc4+ Kf2 96. Qc2 Qe2+
0-1

[Event "SR 3. liga A2 2017/2018"]
[Site "?"]
[Date "2017.10.22"]
[Round "2.1"]
[White "Csuri, Szilveszter"]
[Black "Stanec, Stanislav"]
[Result "0-1"]
[WhiteElo "1956"]
[BlackElo "2046"]
[PlyCount "120"]
[EventDate "2017.??.??"]

1. e4 c6 2. d4 d5 3. Nc3 e6 4. Nf3 Nf6 5. Bd3 dxe4 6. Nxe4 Nbd7 7. O-O Be7 8.
h3 O-O 9. Bf4 Nxe4 10. Bxe4 Nf6 11. Bd3 b6 12. Qe2 Bb7 13. Rad1 Re8 14. Rfe1
Qd5 15. a3 Qh5 16. Nd2 Qxe2 17. Rxe2 Rad8 18. Nb3 h6 19. Rde1 Bd6 20. Bd2 Bc7
21. f4 Kf8 22. a4 a5 23. f5 exf5 24. Rxe8+ Nxe8 25. Bxf5 Bg3 26. Rf1 Nd6 27.
Bd3 Bh4 28. Bf4 Bg5 29. Nd2 Bxf4 30. Rxf4 Re8 31. Kf2 Re7 32. c3 Rd7 33. Nf3 g5
34. Ne5 Rd8 35. Rf3 c5 36. Re3 cxd4 37. cxd4 Bd5 38. Bc2 Nc4 39. Nxc4 Bxc4 40.
Rc3 Bd5 41. Bf5 Rd6 42. Bg4 Be4 43. Be2 Rxd4 44. b3 Bd5 45. g3 Rb4 46. Bd1 Ke7
47. Rd3 Be6 48. Kg2 Kf6 49. g4 Ke5 50. Kf3 Bd5+ 51. Ke3 Re4+ 52. Kf2 Rd4 53.
Re3+ Kf4 54. Be2 Rd2 55. Rd3 Rxd3 56. Bxd3 Bxb3 57. Bb5 Bc2 58. Bc6 f5 59. Bd7
fxg4 60. hxg4 Be4 0-1

[Event "SR 3. liga A2 2017/2018"]
[Site "?"]
[Date "2017.10.22"]
[Round "2.1"]
[White "Hudacek, Josef"]
[Black "Csefalvay, Stefan"]
[Result "1-0"]
[WhiteElo "2041"]
[BlackElo "1824"]
[PlyCount "89"]
[EventDate "2017.??.??"]

1. e4 c5 2. Ne2 Nc6 3. g3 d5 4. Bg2 dxe4 5. Bxe4 Nf6 6. Bg2 g6 7. d3 Bg7 8.
Nbc3 O-O 9. O-O Bd7 10. h3 Rc8 11. Be3 Na5 12. Qd2 Bc6 13. f3 b6 14. Rae1 Qd6
15. Bf4 e5 16. Bh6 Rcd8 17. Bxg7 Kxg7 18. Qc1 c4 19. dxc4 Nxc4 20. b3 Qc5+ 21.
Kh1 Ne3 22. b4 Nxg2 23. bxc5 Nxe1 24. Qxe1 bxc5 25. Nc1 e4 26. fxe4 Rde8 27.
Qf2 Nxe4 28. Nxe4 Bxe4+ 29. Kg1 Rc8 30. Nb3 Bd5 31. Nxc5 Bxa2 32. c4 Kg8 33.
Nd7 Bxc4 34. Nxf8 Bxf1 35. Nxg6 Rc1 36. Ne7+ Kf8 37. Qd2 Rb1 38. Qd8+ Kg7 39.
Nf5+ Kg6 40. Qg8+ Kf6 41. Qg7+ Ke6 42. Qh6+ f6 43. Qe3+ Kd5 44. Qf3+ Ke5 45.
Qf4+ 1-0

[Event "SR 3. liga A2 2017/2018"]
[Site "?"]
[Date "2017.10.22"]
[Round "2.1"]
[White "Meszaros, Lorant"]
[Black "Vogl, Zdenek"]
[Result "1-0"]
[WhiteElo "1931"]
[BlackElo "1951"]
[PlyCount "54"]
[EventDate "2017.??.??"]

1. d4 Nf6 2. c4 e6 3. g3 d5 4. Bg2 Be7 5. Nf3 Nc6 6. O-O O-O 7. b3 h6 8. Nc3
Bb4 9. Bb2 Ne7 10. Qc2 Ng6 11. Ne5 Nxe5 12. dxe5 Nd7 13. cxd5 Nxe5 14. Rad1 Qe7
15. Nb5 Bd6 16. dxe6 fxe6 17. Nxd6 cxd6 18. Qc3 Rd8 19. f4 Ng4 20. Ba3 e5 21.
h3 exf4 22. hxg4 Bxg4 23. Rxf4 Rac8 24. Qd4 Qxe2 25. Rxg4 Rd7 26. Bb2 Rcc7 27.
Qd5+ Kh8 1-0

[Event "SR 3. liga A2 2017/2018"]
[Site "?"]
[Date "2017.10.22"]
[Round "2.1"]
[White "Londin, Martin"]
[Black "Sarkozi, Szabolcs"]
[Result "1-0"]
[WhiteElo "1945"]
[BlackElo "1677"]
[PlyCount "69"]
[EventDate "2017.??.??"]

1. b3 e5 2. Bb2 Nc6 3. e3 d5 4. Bb5 Bd6 5. Nf3 Bg4 6. h3 Bxf3 7. Qxf3 Nge7 8.
Bxc6+ bxc6 9. c4 O-O 10. c5 Bxc5 11. Bxe5 Ng6 12. Bb2 Bd6 13. O-O c5 14. Nc3
Be5 15. Rab1 Bxc3 16. Bxc3 d4 17. Bb2 Re8 18. Qc6 Qg5 19. Qxc7 Rac8 20. Qh2
dxe3 21. dxe3 c4 22. bxc4 Rxc4 23. Rfc1 Ra4 24. a3 Nh4 25. Kh1 Rae4 26. Bd4
R4e6 27. Rc5 Qg6 28. Rb8 Nf5 29. Rcc8 f6 30. Rxe8+ Rxe8 31. Rxe8+ Qxe8 32. Bxa7
Qc6 33. Qf4 Qc1+ 34. Kh2 Qxa3 35. Qc4+ 1-0

[Event "SR 3. liga A2 2017/2018"]
[Site "?"]
[Date "2017.10.22"]
[Round "2.1"]
[White "Both, Lajos"]
[Black "Hrubsa, Marian"]
[Result "0-1"]
[WhiteElo "1780"]
[BlackElo "1916"]
[PlyCount "94"]
[EventDate "2017.??.??"]

1. Nf3 d5 2. c4 c6 3. b3 d4 4. Bb2 c5 5. e3 Nc6 6. exd4 cxd4 7. Ba3 g6 8. d3
Bg7 9. g3 Bg4 10. Be2 e5 11. h3 Bd7 12. g4 f5 13. gxf5 Bxf5 14. Nbd2 Nf6 15.
Nh4 Bd7 16. Bf3 Qa5 17. Bd6 Bf8 18. Bxf8 Rxf8 19. Kf1 Qd8 20. Ng2 Qc8 21. Qe2
Qc7 22. Re1 O-O-O 23. Bxc6 Qxc6 24. Qxe5 Rde8 25. Qh2 Bf5 26. Rxe8+ Rxe8 27.
Ne1 Qe6 28. Kg2 Qc6+ 29. Ndf3 Re2 30. Qf4 Rxa2 31. Qxd4 Nh5 32. Qh8+ Kc7 33.
Qe5+ Kc8 34. d4 Qc7 35. Qh8+ Qd8 36. Qe5 Rb2 37. b4 Qc7 38. Qh8+ Qd8 39. Qxd8+
Kxd8 40. b5 Be4 41. Kf1 Nf4 42. Rh2 Bf5 43. h4 Rb1 44. h5 g5 45. Kg1 Bg4 46.
Rg2 Bxf3 47. Rxg5 Nh3+ 0-1

[Event "SR 3. liga A2 2017/2018"]
[Site "?"]
[Date "2017.10.22"]
[Round "2.2"]
[White "Slamena, Michal"]
[Black "Banas, Jan"]
[Result "1/2-1/2"]
[WhiteElo "2014"]
[BlackElo "2196"]
[PlyCount "105"]
[EventDate "2017.??.??"]

1. e4 c5 2. Nf3 Nc6 3. d4 cxd4 4. Nxd4 Nf6 5. Nc3 d6 6. Be3 Ng4 7. Bg5 h6 8.
Bh4 g5 9. Bg3 Bg7 10. Nb3 Nge5 11. Be2 Be6 12. O-O Nc4 13. Bxc4 Bxc4 14. Re1 b5
15. Nd2 Be6 16. Nxb5 Bxb2 17. Rb1 Bf6 18. Nb3 Rb8 19. e5 dxe5 20. Qxd8+ Kxd8
21. Nc5 Bxa2 22. Rbd1+ Kc8 23. Nc3 Be6 24. Nxe6 fxe6 25. Ne4 Rd8 26. c3 Rxd1
27. Rxd1 a5 28. f3 Rb2 29. Bf2 a4 30. Bc5 Na5 31. Ra1 Nb3 32. Rxa4 Nd2 33. Ng3
Rc2 34. Be3 Kd7 35. Ra7+ Kc6 36. Bxd2 Rxd2 37. Ne4 Rc2 38. h3 h5 39. Kh2 Kd5
40. Rd7+ Kc6 41. Rd8 g4 42. fxg4 hxg4 43. Kg3 Re2 44. Nxf6 exf6 45. hxg4 f5 46.
gxf5 exf5 47. c4 f4+ 48. Kf3 Re3+ 49. Kf2 Rc3 50. Rd5 e4 51. Rd4 Re3 52. Rd5
Rd3 53. Rf5 1/2-1/2